Pair-onyms Quiz Stats

 Plays Quiz Updated Dec 9, 2018

Also try: Threesome-onyms
Challenge
Share
Tweet
Embed
Score 0/30 Timer 05:00
2 Plays Today
Pair-onym Actual Pair % Correct
Carp and DoritosFish and Chips
94.1%
Caped Crusader and SidekickBatman and Robin
89.3%
First Man and First WomanAdam and Eve
85.6%
Bunk and Morning MealBed and Breakfast
82.3%
Strong Affection and WedlockLove and Marriage
80.9%
Tut and ElizabethKing and Queen
80.9%
Snickerdoodles and Cow JuiceCookies and Milk
79.7%
Egrets and Honey ProducersBirds and Bees
78.9%
Stone and SomersaultRock and Roll
78.5%
Constellation Components and Bands of ColorStars and Stripes
78.2%
Jif and SmuckersPeanut Butter and Jelly
77.8%
Smack and SprintHit and Run
76.4%
Baseball Hat and Wedding DressCap and Gown
73.1%
Suck Face and BlabKiss and Tell
71.8%
Blood Pumper and Immaterial EssenceHeart and Soul
70.9%
Pair-onym Actual Pair % Correct
Moon Time and Noon TimeNight and Day
70.8%
Short, Hollow Noodles and GoudaMacaroni and Cheese
67.5%
Formal Dance and Linked MetalBall and Chain
63.3%
Heterosexual and Small WidthStraight and Narrow
63.2%
Marlboro Men and TontosCowboys and Indians
61.7%
Comeliness and the BruteBeauty and the Beast
61.2%
Plagiarize and GlueCopy and Paste
57.6%
The Hundred Years' and CalmnessWar and Peace
53.6%
Renown and RichesFame and Fortune
47.3%
Domicile and Fireplace FloorHome and Hearth
46.6%
Jade Ova and Cured PorkGreen Eggs and Ham
40.2%
Pasture and CreekField and Stream
37.1%
Gender and BloodshedSex and Violence
23.6%
Jane Grey and Charlie ChaplinLady and the Tramp
23.2%
Awl and FlatlineTool and Die
5.2%

You're not logged in!

Compare scores with friends on all Sporcle quizzes.
OR
Log In

You Might Also Like...

Show Comments

Extras

Top Quizzes Today


Score Distribution

Your Account Isn't Verified!

In order to create a playlist on Sporcle, you need to verify the email address you used during registration. Go to your Sporcle Settings to finish the process.

Report this User

Report this user for behavior that violates our Community Guidelines.

Details: